Les malheurs de l'inconstance, ou, Lettres de la marquise de Syrce, et du comte de Mirbelle.

Detalles Bibliográficos
Formato: Libro
Lenguaje:Undetermined
French
Publicado: a Amsterdam : chez Delalain, 1772.
Materias:
Colección:Banco de datos
Acervo:Biblioteca Palafoxiana. Colección bibliográfica
Descripción Física:t. ; 4°
Tema general:Literatura universal
Notas:Número de localización: t.1 (39203) ; t.2 (39202)
LEADER 00543nam a2200157Ia 4500
008 150723s9999 xx 000 0 und d
041 0 |a fre 
050 0 |a PAFX PN6021 M3 
245 1 0 |a Les malheurs de l'inconstance, ou, Lettres de la marquise de Syrce, et du comte de Mirbelle. 
260 |a a Amsterdam : chez Delalain, 1772. 
300 |a t. ; 4° 
500 |a Número de localización: t.1 (39203) ; t.2 (39202) 
650 1 0 |a Literatura universal 
942 |c PALALIB 
943 |g Biblioteca Palafoxiana. Colección bibliográfica 
999 |c 1065674  |d 1065674